Návrh opatrení pre zdokonalenie systému motivácie zamestnancov v spoločnosti STAKOTRA MANUFACTURING, s.r.o.

Enregistré dans:
Détails bibliographiques
Auteur principal: Kolényová, Mária (Auteur)
Autres auteurs: Szabó, Peter (Directeur de thèse)
Format: Manuscrit Livre
Langue:slovaque
Publié: 2017
Sujets:
Accès en ligne:http://is.stuba.sk/zp/portal_zp.pl?podrobnosti=121185
Tags: Ajouter un tag
Pas de tags, Soyez le premier à ajouter un tag!

MARC

LEADER 00000ntm a22000003a 4500
001 stuzp62000
003 SK-STU
005 20170701210451.0
007 ta
008 150427s2015----xo-----f-mn---000-0-slo-d
040 |a STU  |b slo 
041 0 |a slo 
100 1 |a Kolényová, Mária  |u 064000  |4 aut  |U MTF Materiálovotechnologická fakulta  |T MTF Ústav priemyselného inžinierstva a manažmentu  |X 77393  |U M4000  |Y 84  |7 77393 
242 0 1 |a Proposal for Measures for Improvement of employee involvement system at STAKOTRA MANUFACTURING, s.r.o.  |y eng 
245 1 0 |a Návrh opatrení pre zdokonalenie systému motivácie zamestnancov v spoločnosti STAKOTRA MANUFACTURING, s.r.o. 
260 |c 2017 
650 4 |a riadenie ľudských zdrojov  |2 slo 
650 4 |a motivácia  |2 slo 
650 4 |a motivačný program  |2 slo 
650 4 |a zamestnanci  |2 slo 
650 4 |a motivation  |2 eng 
650 4 |a motivation program  |2 eng 
650 4 |a employees  |2 eng 
650 4 |a human resources management  |2 eng 
700 1 |a Szabó, Peter  |u 064000  |k Z1  |4 ths  |U MTF Materiálovotechnologická fakulta  |T MTF Ústav priemyselného inžinierstva a manažmentu  |X 19244  |U M4000  |Y 84  |7 A000019244 
856 4 |u http://is.stuba.sk/zp/portal_zp.pl?podrobnosti=121185 
996 |c M* BP-7917  |l MMSKP  |s P  |a 0  |w stuzp62000_0001